A tejtermelés és hasznos élettani összefüggéseinek vizsgálata holstein fríz állományban
Elmentve itt :
| Szerző: | |
|---|---|
| További közreműködők: | |
| Dokumentumtípus: | Szakdolgozat |
| Megjelent: |
1984
|
| Kulcsszavak: | Tejtermelés Laktáció Életteljesítmény Szaporodásbiológia |
| Tárgyszavak: | |
| Online Access: | http://diploma.bibl.u-szeged.hu/98698 |
| LEADER | 00846nta a2200253 i 4500 | ||
|---|---|---|---|
| 001 | dipl98698 | ||
| 005 | 20220121093417.0 | ||
| 008 | 220121s1984 hu om 0|| hun d | ||
| 040 | |a SZTE Diploma Repozitórium |b hun | ||
| 041 | |a hun | ||
| 100 | 1 | |a Kovács Albert | |
| 245 | 1 | 2 | |a A tejtermelés és hasznos élettani összefüggéseinek vizsgálata holstein fríz állományban |h [elektronikus dokumentum] / |c Albert Kovács |
| 260 | |c 1984 | ||
| 300 | |a 35 | ||
| 650 | 4 | |a Agrár | |
| 650 | 4 | |a Agricultural sciences | |
| 650 | 4 | |a Animal and Dairy science | |
| 650 | 4 | |a Animal and dairy science | |
| 695 | |a Tejtermelés | ||
| 695 | |a Laktáció | ||
| 695 | |a Életteljesítmény | ||
| 695 | |a Szaporodásbiológia | ||
| 700 | 1 | |a Mikó József |e ths | |
| 856 | 4 | 0 | |u http://diploma.bibl.u-szeged.hu/id/eprint/98698/1/1984_kovacs_albert.pdf |z Dokumentum-elérés |